=LDR 00000nam 2200000 4500 =001 NUTBA000000000005225 =005 20200908010130 =035 ##$$a 0010-101400000000455 =008 200908################g##########0#ind## =020 ##$$a 979-744-714-6 =040 ##$$a NBPDMAT =090 ##$$a 301.076 $b Sri a =100 ##$$a Sri Agus =245 1#$$a Antropologi untuk SMA/MA kelas XI Program Bahasa /$c Sri Agus; editor, Nawang Jigraha Vandaya =260 ##$$a Jakarta :$b Ganeca Exact,$c 2013 =300 ##$$a vi, 146 hlm. : $b ilus. ; $c 14x24 cm. =500 ##$$a Bibilografi : hlm. 141 =500 ##$$a Indeks : hlm. 145 =650 #4$$a Antropologi-Studi dan pengajaran =700 #$$a Nawang Jigraha Vandaya =850 ##$$a NBPDMAT =082 ##$$a 301.076 =084 ##$$a 301.076 SRI a =990 ##$$a 21415172 =990 ##$$a 21415173 =990 ##$$a 21415174 =990 ##$$a 21415175 =990 ##$$a 21415176